TOP 15 Les films de Gérard Jugnot ! - Statistiques

Statistiques générales
  • Ce quiz a été pris 38 fois
  • Le résultat moyen est 6 sur 15
Statistiques - réponses
Top Année de sortie Réponse % Correct
3 1978 Les bronzés
94%
2 1979 Les bronzés font du ski
92%
1 1982 Le père Noel est une ordure
86%
4 2004 Les Choristes
86%
5 1983 Papy fait de la résistance
67%
10 1985 Scout toujours...
50%
8 2014 Babysitting
39%
7 2002 Monsieur Batignole
39%
6 1991 Une époque formidable...
28%
9 1987 Tandem
19%
14 2000 Meilleur espoir féminin
17%
11 1974 Les Valseuses
14%
13 1977 La 7ème compagnie au clair de lune
3%
12 1976 Le Locataire
0%
15 1976 Monsieur Klein
0%
Aucun quiz correspondant
Distribution des résultats
% des personnes avec chaque résultat
Percentile par nombre de réponses
Votre historique - résultats
Vous n’avez pas pris ce quiz